| 000 | 00582nam a2200217Ia 4500 | ||
|---|---|---|---|
| 008 | 160216s9999 xx 000 0 und d | ||
| 020 | _a971-08-6324-X | ||
| 050 | _aFIL QA 76.73 | ||
| 050 | _b.C15P47 2003 c.1 | ||
| 100 | _aPepito, Copernicus P. | ||
| 245 | _aIntroduction to turbo C programming / | ||
| 245 | _cCopernicus P. Pepito. | ||
| 260 | _aMandaluyong: | ||
| 260 | _bNational Book Store, | ||
| 260 | _c2003 | ||
| 300 | _a164 pages : | ||
| 300 | _bill. ; | ||
| 300 | _c23 cm. | ||
| 650 | _aC (Computer program language). | ||
| 650 | _aTurbo C (Computer file). | ||
| 999 |
_c290957 _d290957 |
||